| 000 | 00389nam a2200133 a 4500 | ||
|---|---|---|---|
| 005 | 20140414093833.0 | ||
| 008 | 970109s19uu xx 00 eng d | ||
| 050 |
_aVHS 300 _bOR 12 |
||
| 100 | _aSVE Society for Visual Education. | ||
| 245 |
_aRipley's library research skills : _blearning the way to wuality multi-media education. |
||
| 260 | _bFelta. | ||
| 942 | _cAVM | ||
| 999 |
_c108851 _d108851 |
||